000 00532nam a2200193Ia 4500
005 20260429111908.0
008 260429s9999||||xx |||||||||||||| ||und||
020 _a9781041203377
041 _aEnglish
082 _a616.994
_bMEL
100 _aMelford, John
245 0 _aGuide to cancer :
_borigins and revelations /
_cJohn Melford
260 _aBoca Raton :
_bCRC Press,
_c2018.
300 _axxiii, 212 p.; hb
440 _aPocket guides to biomedical sciences
650 _a Cancers
650 _aDiseases
942 _cTB
999 _c51313
_d51313